• 首页
  • 本馆介绍
  • 公告通知
  • 最新文献
  • 馆藏检索
  • 电子资源
  • 读者导购
  • 参考咨询
  • 我的图书馆
  • 登录
  • 详细信息显示
  • 放入我的书架
  • 预约/预借图书
  • 作者相关作品
  • 分类相关作品
  • 丛书相关作品
  • 出版社相关作品

书目信息

  • 表格格式
  • 工作单格式
  • 卡片格式
题名:
艺术集
    
 
作者: 蔡松琦 著
分册:  
出版信息: 北京   科学普及出版社  1987.10
页数: 374页
开本: 19厘米
丛书名: 中学生丛书
单 册:
中图分类: J-53
科图分类:
主题词: 艺术史--世界--中学--课外读物
电子资源:
ISBN: 7-110-00395-7
000 00769nam2 2200265 450
001 0100237164
005 20020928000000.0
010    @a7-110-00395-7@dCNY2.95
011    @a7-110-00395-7
100    @a19910411d1987 aemy0chiy0110 ea
101 0  @achi
102    @aCN@b110000
105    @aa z 000yy
106    @ar
200 1  @a艺术集@9Yi Shu;Zhu Ji @f蔡松琦等著@b专著
210    @a北京@c科学普及出版社@d1987.10
215    @a374页@c彩图@d19厘米
225 2  @a中学生丛书@f袁运开主编
330    @a本书介绍古今中外的绘画、雕塑、音乐、舞蹈及其名作。
410  0 @12001 @a中学生丛书
606 0  @a艺术史@y世界@x中学@x课外读物
690    @aJ-53@v1980
701  0 @a蔡松琦@f(1939~)@9cai song qi@4著
801  0 @aCN@bAiZhiMarc@c19910411
905    @aBZT@dJ@e8@f6@sJ/8
    
    艺术集/蔡松琦等著.-北京:科学普及出版社,1987.10
    374页:彩图;19厘米.-(中学生丛书/袁运开主编)
    
    
    ISBN 7-110-00395-7:CNY2.95
    本书介绍古今中外的绘画、雕塑、音乐、舞蹈及其名作。
●
相关链接 在五车中查询图书 在当当中查询图书 在豆瓣中查询图书


正题名:艺术集     索取号:J/8         预约/预借

序号 登录号 条形码 馆藏地/架位号 状态 备注
1 2000042901   2000042901   旧书回溯/ [索取号:J/8] 在馆    
2 2000042902   2000042902   旧书回溯/ [索取号:J/8] 在馆    
3 2000106429   2000106429   旧书回溯/ [索取号:J/8] 在馆    
4 2000106430   2000106430   旧书回溯/ [索取号:J/8] 在馆    
5 2000106431   2000106431   旧书回溯/ [索取号:J/8] 在馆    
6 2000142160   2000142160   旧书回溯/ [索取号:J/8] 在馆    
山东省滨州职业学院图书馆 欢迎您!
大连网信软件有限公司© 版权所有